Nations Reconnues par l'ONU sans équipe à la FIFA - Statistiques

Statistiques générales
  • Ce quiz a été pris 70 fois
    10 depuis la dernière actualisation
  • Le résultat moyen est 6 sur 9
Statistiques - réponses
Hint Réponse % Correct
Europe Monaco
86%
Océanie Kiribati
71%
Océanie Micronésie
71%
Océanie Nauru
71%
Océanie Tuvalu
71%
Europe Vatican
71%
Océanie Iles Marshall
57%
Océanie Palaos
57%
Europe Royaume-Uni
29%
Aucun quiz correspondant
Distribution des résultats
% des personnes avec chaque résultat
Percentile par nombre de réponses
Votre historique - résultats
Vous n’avez pas pris ce quiz depuis la dernière actualisation